00532nam a2200193Ia 450000500170000000800410001702000140005804000190007204100120009108200130010310000210011624500780013726000410021530000100025650400190026665000190028570000240030485000100032820240510115059.0131103s9999 xx 000 0 und d a195626664 aLoreto College aEnglish a428bHOR aHorsburgh, David aNew oxford modern englishb Book 5 cDavid Horsburgh & Nicholas Horsburgh aDelhibOxford University Pressc2002 a135p  aIncludes index aEnglish reader aHorsburgh, Nicholas aLCBED